[Event "Nuremberg Zabo op 23rd"]
[Site "Nuremberg"]
[Date "2023.09.16"]
[Round "3"]
[White "Meulner, Fabian"]
[Black "Hiltner, Alfred"]
[Result "1-0"]
[WhiteElo "1984"]
[BlackElo "1600"]
[PlyCount "87"]
[EventDate "2023.09.15"]
[EventType "swiss"]
[EventRounds "5"]
[EventCountry "GER"]
[SourceTitle "EXT 2024"]
[Source "ChessBase"]
[SourceDate "2023.10.10"]
[SourceVersion "1"]
[SourceVersionDate "2023.10.10"]
[SourceQuality "1"]

1. e4 e5 2. Nc3 Nf6 3. d4 exd4 4. Qxd4 Nc6 5. Qd3 Nb4 6. Qe2 b6 7. e5 Ba6 8. Qd1 Bxf1 9. Kxf1 Ng8 10. Nf3 Bc5 11. Ne4 Nc6 12. Bg5 Be7 13. Qe2 h6 14. Bf4 Qc8 15. Nd6+ cxd6 16. exd6 a5 17. dxe7 Qa6 18. c4 Rc8 19. Bd6 h5 20. b3 Rh6 21. Rd1 Qb7 22. Ng5 Nf6 23. h4 Ng4 24. Rh3 Rf6 25. Rf3 Nh2+ 26. Bxh2 Re6 27. Nxe6 dxe6 28. Rfd3 Nxe7 29. Qxh5 Nf5 30. Rd8+ Ke7 31. R1d7+ Qxd7 32. Rxd7+ Kxd7 33. Qxf7+ Ne7 34. Qxg7 b5 35. Qd4+ Ke8 36. cxb5 Rc1+ 37. Ke2 Rc2+ 38. Kf3 Nf5 39. Qd3 Rxa2 40. b6 Ra3 41. b7 Rxb3 42. Qxb3 Nd4+ 43. Ke4 Nxb3 44. b8Q+ 1-0

[Event "Nuremberg Zabo op 18th"]
[Site "Nuremberg"]
[Date "2016.09.17"]
[Round "3"]
[White "Hiltner, Alfred"]
[Black "Mehling, Katharina"]
[Result "0-1"]
[WhiteElo "1617"]
[BlackElo "1819"]
[PlyCount "134"]
[EventDate "2016.09.16"]
[EventType "swiss"]
[EventRounds "5"]
[EventCountry "GER"]
[SourceTitle "EXT 2018"]
[Source "ChessBase"]
[SourceDate "2017.10.13"]
[SourceVersion "1"]
[SourceVersionDate "2017.10.13"]
[SourceQuality "1"]

1. e4 e6 2. d4 d5 3. Nc3 Nf6 4. Bg5 Be7 5. e5 Nfd7 6. h4 c5 7. Nb5 cxd4 8. Nd6+ Kf8 9. Bxe7+ Kxe7 10. f4 Nc6 11. Nf3 Qa5+ 12. Qd2 Qxd2+ 13. Kxd2 a6 14. Bd3 f6 15. Rae1 b5 16. h5 Nb6 17. b3 Bd7 18. Re2 Raf8 19. Nb7 f5 20. Nd6 Bc8 21. Ree1 Nd7 22. Rh3 Nc5 23. g3 Ne4+ 24. Bxe4 dxe4 25. Ng5 h6 26. Ngxe4 fxe4 27. Rxe4 Rfg8 28. Re1 g6 29. hxg6 Rxg6 30. Reh1 Bd7 31. Ne4 Nb4 32. a3 Bc6 33. Re1 Bxe4 34. Rxe4 Nc6 35. Re1 Kd7 36. Ke2 Kc7 37. Kf3 Rhg8 38. Reh1 Kb6 39. Rg1 Kc5 40. Ke4 Ne7 41. g4 Nd5 42. Rhg3 Ne3 43. c3 Nxg4 44. cxd4+ Kb6 45. Kf3 Nh2+ 46. Kf2 Rxg3 47. Rxg3 Rxg3 48. Kxg3 Nf1+ 49. Kf2 Nd2 50. Ke3 Nxb3 51. d5 exd5 52. f5 Kc7 53. Kf4 Kd7 54. Kg4 Nd4 55. Kf4 Nc6 56. e6+ Ke7 57. Kg4 d4 58. Kf4 h5 59. Ke4 h4 60. Kf4 h3 61. Kg3 d3 62. a4 d2 63. axb5 axb5 64. f6+ Kxf6 65. e7 Kxe7 66. Kxh3 d1Q 67. Kg3 Qf1 0-1

[Event "Nuremberg Zabo op 16th"]
[Site "Nuremberg"]
[Date "2014.09.21"]
[Round "5"]
[White "Schloetterer, Hermann"]
[Black "Hiltner, Alfred"]
[Result "0-1"]
[WhiteElo "1927"]
[BlackElo "1601"]
[PlyCount "106"]
[EventDate "2014.09.19"]
[EventType "swiss"]
[EventRounds "5"]
[EventCountry "GER"]
[SourceTitle "EXT 2018"]
[Source "ChessBase"]
[SourceDate "2017.10.13"]
[SourceVersion "1"]
[SourceVersionDate "2017.10.13"]
[SourceQuality "1"]

1. d4 Nf6 2. g3 d5 3. Bg2 Bf5 4. Nf3 e6 5. 0-0 c5 6. c4 dxc4 7. Qa4+ Qd7 8. Qxc4 b5 9. Ne5 bxc4 10. Nxd7 Nbxd7 11. Bxa8 cxd4 12. Bc6 Be4 13. Bb5 Bd5 14. Nd2 c3 15. bxc3 dxc3 16. Nb3 Bb4 17. Be3 a5 18. Nc5 Ke7 19. Nxd7 Nxd7 20. a3 Bd6 21. f4 Rc8 22. Rfc1 Be4 23. Bd4 Bc5 24. e3 Bxd4 25. exd4 Nf6 26. a4 Nd5 27. Ra3 c2 28. Kf2 f5 29. Bd3 Bxd3 30. Rxd3 Nb4 31. Ra3 Kd6 32. Ke3 Kd5 33. Kd2 Rc4 34. Re3 Rxd4+ 35. Ke2 Re4 36. Rxe4 fxe4 37. Kd2 Kd4 38. Ra1 e3+ 39. Kc1 Ke4 40. Ra3 Kf3 41. Ra1 Kf2 42. g4 Kf3 43. f5 exf5 44. gxf5 Kf4 45. Kb2 e2 46. Kc3 Ke3 47. Re1 Nd3 48. Rxe2+ Kxe2 49. Kxc2 Nc5 50. h4 Nxa4 51. h5 h6 52. Kb3 Nc5+ 53. Kc4 a4 0-1

[Event "Nuremberg Zabo op 16th"]
[Site "Nuremberg"]
[Date "2014.09.19"]
[Round "1"]
[White "Weber, Daniel1111"]
[Black "Hiltner, Alfred"]
[Result "1-0"]
[WhiteElo "2059"]
[BlackElo "1601"]
[PlyCount "97"]
[EventDate "2014.09.19"]
[EventType "swiss"]
[EventRounds "5"]
[EventCountry "GER"]
[SourceTitle "EXT 2018"]
[Source "ChessBase"]
[SourceDate "2017.10.13"]
[SourceVersion "1"]
[SourceVersionDate "2017.10.13"]
[SourceQuality "1"]

1. d4 Nf6 2. Nf3 d5 3. e3 c5 4. b3 Nc6 5. Bb2 Bg4 6. Be2 e6 7. 0-0 Rc8 8. Ne5 Bxe2 9. Qxe2 Bd6 10. f4 0-0 11. Nd2 cxd4 12. exd4 Qb6 13. c3 Nxd4 14. cxd4 Rc2 15. Qd3 Rxb2 16. Qc3 Ba3 17. Nd3 Rxd2 18. Qxd2 Qxd4+ 19. Kh1 Ne4 20. Qc2 Nd6 21. Rad1 Rc8 22. Qf2 Qf6 23. Qxa7 Bb2 24. Nxb2 Qxb2 25. Qb6 Qa3 26. b4 Qa6 27. Qxa6 bxa6 28. Rd3 Nc4 29. Rb1 Rb8 30. a4 Kf8 31. Kg1 a5 32. b5 Rb6 33. Rc3 Ke7 34. Rd1 Nb2 35. Rd4 Nc4 36. Kf2 h5 37. f5 Rd6 38. fxe6 fxe6 39. Ke2 Rb6 40. Rg3 Kf7 41. Rf4+ Kg8 42. Rh4 Nb2 43. Rb3 g6 44. Rxb2 Kg7 45. Rh3 e5 46. Rc3 d4 47. Rc6 Rb8 48. b6 d3+ 49. Kd2 1-0

[Event "Nuremberg Zabo op 15th"]
[Site "Nuremberg"]
[Date "2013.09.22"]
[Round "4"]
[White "Grueninger, Tobias"]
[Black "Hiltner, Alfred"]
[Result "0-1"]
[WhiteElo "1111"]
[BlackElo "1655"]
[PlyCount "32"]
[EventDate "2013.09.20"]
[EventType "swiss"]
[EventRounds "5"]
[EventCountry "GER"]
[SourceTitle "EXT 2016"]
[Source "ChessBase"]
[SourceDate "2015.10.08"]
[SourceVersion "1"]
[SourceVersionDate "2015.10.08"]
[SourceQuality "1"]

1. e4 e5 2. Nf3 Nc6 3. d4 exd4 4. Nxd4 Nf6 5. Nc3 Bb4 6. Qd3 0-0 7. a3 Bxc3+ 8. bxc3 Nxe4 9. Be2 Re8 10. 0-0 d5 11. c4 dxc4 12. Nxc6 cxd3 13. Nxd8 dxe2 14. Re1 Rxd8 15. Rxe2 Rd1+ 16. Re1 Rxe1# 0-1

[Event "Nuremberg Zabo op 14th"]
[Site "Nuremberg"]
[Date "2012.09.16"]
[Round "4"]
[White "Heppert, Lars"]
[Black "Hiltner, Alfred"]
[Result "0-1"]
[WhiteElo "1828"]
[BlackElo "1650"]
[PlyCount "48"]
[EventDate "2012.09.14"]
[EventType "swiss"]
[EventRounds "5"]
[EventCountry "GER"]
[SourceTitle "EXT 2018"]
[Source "ChessBase"]
[SourceDate "2017.10.13"]
[SourceVersion "1"]
[SourceVersionDate "2017.10.13"]
[SourceQuality "1"]

1. c4 Nf6 2. g3 e6 3. Bg2 d5 4. Nf3 c5 5. 0-0 Nc6 6. cxd5 exd5 7. d4 Be6 8. Nc3 Rc8 9. Bg5 h6 10. Bxf6 Qxf6 11. dxc5 Bxc5 12. Nxd5 Qxb2 13. Nf4 0-0 14. Nxe6 fxe6 15. Qd7 Qxe2 16. Qxb7 Nd4 17. Nh4 Rb8 18. Qc7 Bb6 19. Qd6 Rbd8 20. Qe7 Rf7 21. Qb4 Nc2 22. Qb3 Nxa1 23. Rxa1 Rxf2 24. Kh1 Rd2 0-1

[Event "Nuremberg Zabo op 14th"]
[Site "Nuremberg"]
[Date "2012.09.15"]
[Round "2.37"]
[White "Schaefer, Erich"]
[Black "Hiltner, Alfred"]
[Result "1/2-1/2"]
[WhiteElo "1474"]
[BlackElo "1650"]
[PlyCount "67"]
[EventDate "2012.09.14"]
[EventType "swiss"]
[EventRounds "5"]
[EventCountry "GER"]
[SourceTitle "EXT 2022"]
[Source "ChessBase"]
[SourceDate "2021.10.06"]
[SourceVersion "1"]
[SourceVersionDate "2021.10.06"]
[SourceQuality "1"]

1. Nf3 d5 2. g3 c5 3. d3 Nc6 4. Nbd2 Nf6 5. Bg2 e6 6. 0-0 Bd6 7. c4 0-0 8. Re1 d4 9. Ne4 Nxe4 10. dxe4 e5 11. a3 f5 12. exf5 Bxf5 13. e4 Bg4 14. Qd3 Qf6 15. Bg5 Qf7 16. Nh4 h6 17. Bd2 g5 18. Nf5 Bxf5 19. exf5 Qxf5 20. Bd5+ Kg7 21. Be4 Qf6 22. Rf1 Rab8 23. f3 Ne7 24. b4 cxb4 25. axb4 a6 26. c5 Bc7 27. g4 Ng6 28. Bf5 Ne7 29. Be4 Rfd8 30. Rfc1 Qe6 31. h3 Nc6 32. Bf5 Qf7 33. Be4 Qe6 34. Bf5 1/2-1/2

[Event "Nuremberg Zabo op 12th"]
[Site "Nuremberg"]
[Date "2010.09.18"]
[Round "2"]
[White "Hiltner, Alfred"]
[Black "Walter, Florian"]
[Result "0-1"]
[WhiteElo "1824"]
[BlackElo "2069"]
[PlyCount "76"]
[EventDate "2010.09.17"]
[EventType "swiss"]
[EventRounds "5"]
[EventCountry "GER"]
[SourceTitle "EXT 2011"]
[Source "ChessBase"]
[SourceDate "2010.11.26"]
[SourceVersion "1"]
[SourceVersionDate "2010.11.26"]
[SourceQuality "1"]

1. e4 g6 2. d4 Bg7 3. c3 d6 4. Nf3 Nf6 5. Bd3 0-0 6. 0-0 Nc6 7. Be3 e5 8. Nbd2 h6 9. Nb3 exd4 10. cxd4 Re8 11. Nfd2 Ng4 12. Bc4 Rf8 13. Qe2 Nb4 14. a3 Nc2 15. Rac1 Ncxe3 16. fxe3 Qg5 17. Rf4 h5 18. h3 Nf6 19. Rcf1 Bxh3 20. Qf3 Bg4 21. Qf2 b5 22. Bd3 Nd7 23. Rxf7 Nf6 24. Rxc7 Nd5 25. Rf7 Nxe3 26. Qf4 Qxf4 27. R7xf4 Nxf1 28. Rxf1 Rxf1+ 29. Kxf1 a6 30. Nf3 Rf8 31. Ke2 h4 32. a4 bxa4 33. Bc4+ Kh8 34. Nbd2 Bxd4 35. Bxa6 Bxb2 36. Kd3 h3 37. gxh3 Bxf3 38. Nc4 Be5 0-1

[Event "Nuremberg Zabo op 10th"]
[Site "Nuremberg"]
[Date "2008.09.21"]
[Round "5"]
[White "Hiltner, Alfred"]
[Black "Crone, Stephan"]
[Result "1-0"]
[WhiteElo "1816"]
[BlackElo "1652"]
[PlyCount "35"]
[EventDate "2008.09.19"]
[EventType "swiss"]
[EventRounds "5"]
[EventCountry "GER"]
[SourceTitle "EXT 2012"]
[Source "ChessBase"]
[SourceDate "2011.11.24"]
[SourceVersion "1"]
[SourceVersionDate "2011.11.24"]
[SourceQuality "1"]

1. e4 c5 2. d4 cxd4 3. Nf3 Nc6 4. Nxd4 e5 5. Nb5 a6 6. Nd6+ Bxd6 7. Qxd6 Qf6 8. Qa3 Qg6 9. Nc3 Nge7 10. Be3 0-0 11. 0-0-0 Rb8 12. Rd3 f6 13. Bb6 Nd4 14. Bxd4 exd4 15. Rxd4 Nc6 16. Rd3 b5 17. f3 Kh8 18. Qxf8# 1-0

[Event "Nuremberg Zabo op 10th"]
[Site "Nuremberg"]
[Date "2008.09.20"]
[Round "3"]
[White "Engel, Georg"]
[Black "Hiltner, Alfred"]
[Result "0-1"]
[WhiteElo "1589"]
[BlackElo "1816"]
[PlyCount "61"]
[EventDate "2008.09.19"]
[EventType "swiss"]
[EventRounds "5"]
[EventCountry "GER"]
[SourceTitle "EXT 2012"]
[Source "ChessBase"]
[SourceDate "2011.11.24"]
[SourceVersion "1"]
[SourceVersionDate "2011.11.24"]
[SourceQuality "1"]

1. Nf3 d5 2. c4 d4 3. b4 f6 4. Bb2 e5 5. a3 c5 6. b5 e4 7. Ng1 f5 8. g3 Nf6 9. Bg2 Bd6 10. Qc1 0-0 11. f4 exf3 12. Nxf3 f4 13. gxf4 Bxf4 14. e3 Re8 15. 0-0 dxe3 16. Kh1 Bf5 17. dxe3 Bxe3 18. Qc3 Qd3 19. Nh4 Bd4 20. Qc1 Be4 21. Bxd4 Qxd4 22. Ra2 Nbd7 23. Nf3 Bxf3 24. Bxf3 Ne5 25. Bxb7 Rab8 26. Rf4 Qd7 27. Be4 Nxe4 28. Rxe4 Qb7 29. Rae2 Nd3 30. Qe3 Rxe4 31. Qxe4 0-1

[Event "Nuremberg Zabo op 10th"]
[Site "Nuremberg"]
[Date "2008.09.20"]
[Round "2"]
[White "Hiltner, Alfred"]
[Black "Sargin, Anatol"]
[Result "0-1"]
[WhiteElo "1816"]
[BlackElo "2112"]
[PlyCount "94"]
[EventDate "2008.09.19"]
[EventType "swiss"]
[EventRounds "5"]
[EventCountry "GER"]
[SourceTitle "EXT 2012"]
[Source "ChessBase"]
[SourceDate "2011.11.24"]
[SourceVersion "1"]
[SourceVersionDate "2011.11.24"]
[SourceQuality "1"]

1. e4 e6 2. d4 d5 3. Nc3 Bb4 4. Nge2 dxe4 5. a3 Be7 6. Nxe4 Nd7 7. N2c3 Ngf6 8. Ng3 0-0 9. Bc4 c5 10. Be3 a6 11. 0-0 b5 12. Be2 Bb7 13. Bf3 Qc7 14. d5 Ne5 15. dxe6 Nxf3+ 16. gxf3 fxe6 17. Nce4 Qe5 18. Nxf6+ Qxf6 19. f4 Rad8 20. Qg4 e5 21. Rad1 Rxd1 22. Rxd1 Bc8 23. f5 c4 24. Nh5 Qf7 25. Bh6 Bxf5 26. Qxg7+ Qxg7+ 27. Bxg7 Rf7 28. Bxe5 Bg4 29. Rd5 Bxh5 30. Rd7 Bf6 31. Rd5 Bf3 32. Rc5 Bxe5 33. Rxe5 Rd7 34. h4 Bd1 35. c3 Rd2 36. Re6 Rxb2 37. Rxa6 Ba4 38. h5 Rb3 39. h6 Kf7 40. f4 Rxc3 41. f5 Re3 42. Kf2 Re5 43. Ra7+ Re7 44. Ra6 c3 45. f6 Rc7 46. Ra8 c2 47. Rh8 Kxf6 0-1

[Event "Nuremberg Zabo op 10th"]
[Site "Nuremberg"]
[Date "2008.09.19"]
[Round "1"]
[White "Berntgen, Henri"]
[Black "Hiltner, Alfred"]
[Result "0-1"]
[WhiteElo "1308"]
[BlackElo "1816"]
[PlyCount "72"]
[EventDate "2008.09.19"]
[EventType "swiss"]
[EventRounds "5"]
[EventCountry "GER"]
[SourceTitle "EXT 2012"]
[Source "ChessBase"]
[SourceDate "2011.11.24"]
[SourceVersion "1"]
[SourceVersionDate "2011.11.24"]
[SourceQuality "1"]

1. e4 e5 2. Nf3 Nc6 3. Nc3 Nf6 4. d4 exd4 5. Nxd4 Bb4 6. f3 0-0 7. a3 Bc5 8. Be3 Bb6 9. a4 d5 10. a5 Bxd4 11. Bxd4 dxe4 12. Bxf6 Qxf6 13. fxe4 Be6 14. Qf3 Qg5 15. h4 Qc5 16. Bd3 Rad8 17. Nb5 Rxd3 18. cxd3 Qxb5 19. 0-0 Rd8 20. Rad1 Qxb2 21. Rf2 Qd4 22. Kh1 Ne5 23. Qg3 Nxd3 24. Rfd2 Bc4 25. Qxc7 h6 26. Qxb7 Nf2+ 27. Kg1 Nh3+ 28. Kh1 Bd3 29. Qb3 Nf2+ 30. Kh2 Nxd1 31. Qxd1 Qxe4 32. g3 Kh7 33. h5 Bf1 34. Qc2 Rxd2+ 35. Qxd2 f5 36. Qf2 Qe2 0-1